Catálogo
 En Linea

Número ocho / (Registro nro. 20162)

Detalles MARC
000 -CABECERA
campo de control de longitud fija 00589nam a2200205 a 4500
001 - NÚMERO DE CONTROL
campo de control 000020658
005 - FECHA Y HORA DE LA ÚLTIMA TRANSACCIÓN
campo de control 20200930011137.0
008 - DATOS DE LONGITUD FIJA--INFORMACIÓN GENERAL
campo de control de longitud fija 100812s2019 dr 000 f spa d
020 ## - NÚMERO INTERNACIONAL ESTÁNDAR DEL LIBRO
Número Internacional Estándar del Libro 9789945177954
040 ## - FUENTE DE LA CATALOGACIÓN
Centro catalogador/agencia de origen DO-SdBNP
Centro/agencia transcriptor BNPHU
082 ## - NÚMERO DE LA CLASIFICACIÓN DECIMAL DEWEY
Número de clasificación xxxx
Número de documento/Ítem H181n
100 1# - ENTRADA PRINCIPAL--NOMBRE DE PERSONA
Nombre de persona Hallal, Farah,
Fechas asociadas al nombre 1975-
9 (RLIN) 43403
245 10 - MENCIÓN DE TÍTULO
Título Número ocho /
Mención de responsabilidad, etc. Farah Hallal.
260 ## - PUBLICACIÓN, DISTRIBUCIÓN, ETC.
Lugar de publicación, distribución, etc. Santo Domingo :
Nombre del editor, distribuidor, etc. SM,
Fecha de publicación, distribución, etc. 2019.
300 ## - DESCRIPCIÓN FÍSICA
Extensión 220 p. ;
Dimensiones 19 cm.
490 1# - MENCIÓN DE SERIE
Mención de serie Barco de Vapor
Designación de volumen o secuencia 24
500 ## - NOTA GENERAL
Nota general Incluye datos biográficos de la autora
590 ## - NOTA LOCAL (RLIN)
Nota local Inventariado, 2020 /LP
830 #0 - PUNTO DE ACCESO ADICIONAL DE SERIE-TÍTULO UNIFORME
Título uniforme Barco de Vapor
Designación de volumen o secuencia 24
9 (RLIN) 43404
Existencias
Estado de retiro Estado de pérdida Restricciones de uso No para préstamo Código de colección Localización permanente Ubicación/localización actual Ubicación en estantería Fecha de adquisición Número de inventario Total de préstamos Signatura topográfica completa Código de barras Fecha visto por última vez Número de copia Precio válido a partir de Tipo de ítem Koha
        Dominicana de Servicio General General Depósito 16.03.2020 LF1   xxxx H181n 20658-30 25.06.2020 e. 3 25.06.2020 Libro y Folleto Colección Dominicana de Servicio
      Excluido de préstamo Patrimonio Dominicano Patrimonio Dominicano Patrimonio Dominicano Depósito 16.03.2020 LF1   xxxx H181n 20658-10 25.06.2020   25.06.2020 Libro y Folleto Colección Patrimonio Dominicano
      Excluido de préstamo Patrimonio Dominicano Patrimonio Dominicano Patrimonio Dominicano Depósito 16.03.2020 LF1   xxxx H181n 20658-20 25.06.2020 e. 2 25.06.2020 Libro y Folleto Colección Patrimonio Dominicano

Con tecnología Koha